| 000 | 03392njm a2200505Ia 4500 | ||
|---|---|---|---|
| 001 | 23901 | ||
| 003 | IT-RoPAU | ||
| 005 | 20220918181120.0 | ||
| 008 | 131025s9999 xx 000 0 und d | ||
| 040 | _aIT-RoPAU | ||
| 040 | _cIT-RoPAU | ||
| 041 | _aITALIANO | ||
| 999 |
_c99757 _d99757 |
||
| 999 | _bn.d. | ||
| 100 |
_aAA.VV. _9794 |
||
| 100 |
_eAutore musica _97213 |
||
| 100 |
_gCodice autore musica SPICS: 12000 _9796 |
||
| 245 | _aJuke box-I grandi successi italiani vol.02 (sussurri e rock'n'roll) | ||
| 250 | _a2a ed. | ||
| 260 | _aITALIA | ||
| 260 |
_bSELEZIONE _c1980 [1a Ed.:1961] |
||
| 300 | _aDISCO | ||
| 500 | _aMigliori successi della canzone italiana | ||
| 505 | _aIl cielo in una stanza [Mina (Mazzini A.M.)] - Il cane di stoffa (Donaggio Pino) - Notte di luna calante (Modugno Domenico) - Uno a te, uno a me-Mai di domenica [Milva (Biolcati Maria Ilva)] - Su nel cielo-What a Sky (Fidenco Nico) - Il barattolo (Meccia Gianni) - Come sinfonia (Donaggio Pino) - Buondì (Curtis Betty) - Nessuno al mondo (Di Capri Peppino) - Marina (Marini Marino) - Quando vien la sera (Sentieri Joe) - Le mille bolle blu [Mina (Mazzini A.M.)] | ||
| 650 |
_aCANZONE ITALIAN [DISCHI] _eCodice MATERIA SPICS: 9950 _97214 |
||
| 700 |
_aMogol (Rapetti Giulio) _dCodice autore musica SPICS: 13643 _eAutore musica _pIl cielo in una stanza _97215 |
||
| 700 |
_aToang _dCodice autore testo/musica SPICS: 14067 _eAutore testo/musica _pIl cielo in una stanza _97216 |
||
| 700 |
_aDonaggio Pino _dCodice autore testo/musica SPICS: 13658 _eAutore testo/musica _pIl cane di stoffa _97217 |
||
| 700 |
_aModugno Domenico _dCodice autore testo/musica SPICS: 12142 _eAutore testo/musica _pNotte di luna calante _97218 |
||
| 700 |
_aHadjidakis _dCodice autore musica SPICS: 13935 _eAutore musica _pUno a te, uno a me-Mai di domenica _97219 |
||
| 700 |
_aGiada _dCodice autore testo/musica SPICS: 14068 _eAutore testo/musica _pUno a te, uno a me-Mai di domenica _97220 |
||
| 700 |
_aCassia _dCodice autore musica SPICS: 16005 _eAutore musica _pSu nel cielo-What a Sky _97221 |
||
| 700 |
_aFusco Enzo _dCodice autore SPICS: 13644 _eAutore _pSu nel cielo-What a Sky _97222 |
||
| 700 |
_aMaselli Gianfranco _dCodice autore testo/musica SPICS: 4058 _eAutore testo/musica _pSu nel cielo-What a Sky _97223 |
||
| 700 |
_aMeccia Gianni _dCodice autore testo/musica SPICS: 14069 _eAutore testo/musica _pIl barattolo _97224 |
||
| 700 |
_aDonaggio Pino _dCodice autore testo/musica SPICS: 13658 _eAutore testo/musica _pCome sinfonia _97225 |
||
| 700 |
_aCalibi _dCodice autore musica SPICS: 14071 _eAutore musica _pBuondì _97226 |
||
| 700 |
_aNisa (Salerno Nicola) _dCodice autore SPICS: 13452 _eAutore _pBuondì _97227 |
||
| 700 |
_aRastelli Nino _dCodice autore musica SPICS: 13482 _eAutore musica _pNessuno al mondo _97228 |
||
| 700 |
_aCrafer Art _dCodice autore testo/musica SPICS: 14070 _eAutore testo/musica _pNessuno al mondo _97229 |
||
| 700 |
_aGranata Rocco _dCodice autore testo/musica SPICS: 14040 _eAutore testo/musica _pMarina _97230 |
||
| 700 |
_aTesta Michele (=Gill Armando) _dCodice autore musica SPICS: 13131 _eAutore musica _pQuando vien la sera _97231 |
||
| 700 |
_aRossi Carlo Alberto (Cicero) _dCodice autore testo/musica SPICS: 13130 _eAutore testo/musica _pQuando vien la sera - Le mille bolle blu _97232 |
||
| 700 |
_aPallavicini Vito _dCodice autore testo/musica SPICS: 13656 _eAutore testo/musica _pLe mille bolle blu _97233 |
||
| 942 |
_cMD _2ddc |
||